000 00743nam a2200253Ia 4500
003 OSt
005 20220928102858.0
006 a|||||r|||| 00| 0
007 ta
008 220927b |||||||| |||| 00| 0 eng d
020 _c295
024 _a105986
037 _b1108, 18/02/2010, Kiran Book Service
_cTextual
040 _aSDCL
_cSDCL
_beng
041 _2eng
_aeng
082 _aO152:gxN17x, P9
100 _aMuktibodh Gajanan Madhav
_9393017
245 0 _aShesh-ashesh.
260 _aNew Delhi
_bRajkamal Prakashan
_c2009
300 _a187p
_ccm.
650 _aHindi
_9391598
942 _hO152:gxN17x, P9
_cTEXL
_2CC
999 _c716898
_d716898